000 00689nam a2200241Ia 4500
003 OSt
005 20251112121618.0
008 210210b2017 xxu||||| |||| 00| 0 eng d
020 _a9788126052516
040 _cAL
041 _aKannada
082 _aK894.9 DINH
100 _aDINESHA NAYAK (N)
_dದಿನೇಶ್ ನಾಯಕ್ (ಎನ್)
_9245181
245 _aHermann Mögling
_bಹರ್ಮನ್‌ ಮೊಗ್ಲಿಂಗ್‌
260 _aNavadehali
_bSahitya Akademi
_c2017
300 _a112
650 _aRevarend
_9245182
650 _aMogling
_9245183
650 _aHerman
_9245184
690 _aKannada Criticism
_9245185
906 _a072061
942 _2ddc
_cBK
999 _c121952
_d121952